000
00319nam a22001337a 4500
008
190305b xxu||||| |||| 00| 0 eng d
020
_a
9780325009759
041
_a
eng
080
_a
371
100
_a
46
101
_a
EDU
245
_a
How Writers Grow A Guide for Middle School Teachers
_c
Blau,Sh
942
_2
udc
_c
BK
999
_c
54486
_d
54486